| 000 | 00461nam a22001811c 4500 | ||
|---|---|---|---|
| 001 | a987693006 | ||
| 008 | 200204s1966 gw |||| 000u ger d | ||
| 041 | _ager | ||
| 100 | 1 | _aStumpp, Karl | |
| 245 | 0 | 4 |
_aDie Rußlanddeutschen : _bZweihundert Jahre unterwegs |
| 250 | _a3. Auflage | ||
| 264 |
_aFreilassing : _bPannonia-Verlag, _c1966 |
||
| 300 | _a140 Seiten | ||
| 650 | 0 | _aRusslanddeutsche | |
| 942 | _cMG | ||
| 040 | _cRU-10907106 | ||
| 003 | RU-10907106 | ||
| 999 |
_c30038 _d30038 |
||